| 000 | 00994cam a2200241 4500 | ||
|---|---|---|---|
| 001 | WB3817-15 | ||
| 008 | 020509n2002 000 0 eng u | ||
| 035 | _a(Sirsi) u117915 | ||
| 245 | _aRTPI calls for green belt planning relaxation | ||
| 260 | _c2002 | ||
| 490 |
_aRTPI News _v 8 May 2002, (2) |
||
| 520 | _aTown planners are calling for a relaxation of laws governing building on green belt land. The Royal Town Planning Institute (RTPI) wants limited developments to allowed to free up space for housing, especially in the south-east. A summary of the RTPI's view on modernising green belt can be found at http://www.rtpi.org.uk/editorial/greenbelt.pdf | ||
| 590 | _aWB | ||
| 650 | _aGREEN BELT LAND | ||
| 650 | _aGREEN BELT DEVELOPMENT | ||
| 650 | _aGREEN BELT POLICY | ||
| 650 | _aPLANNING POLICY | ||
| 650 | _aHOUSING | ||
| 650 | _aHOUSING SHORTAGE | ||
| 650 | _aSOUTH EAST ENGLAND | ||
| 690 | _aENVIRONMENTAL AND LAND CONSULTANCY-PLANNING AND DEVELOPMENT | ||
| 942 | _n0 | ||
| 999 |
_c70231 _d70231 |
||